| 000 | 00000nas 2200000za 4500 |
| 001 | 9.819041 |
| 003 | CaOODSP |
| 005 | 20230301102356 |
| 007 | cr ||||||||||| |
| 008 | 160607d18741970oncar p oss f000#a0eng|d |
| 040 | |aCaOODSP|beng |
| 041 | |aeng|afre |
| 043 | |an-cn--- |
| 086 | 1 |aCS54-201-PDF |
| 245 | 00|aCanal statistics |h[electronic resource]. |
| 246 | 13|aStatistique des canaux|f1919-1941 |
| 246 | 13|aCanal statistics for season of navigation |
| 260 | |aOttawa : |bDominion Bureau of Statistics, Transportation Division = Bureau fédéral de la statistique, Division des transports, |c[1874]-1971. |
| 310 | |aAnnual |
| 362 | 0 |a1874-1970. |
| 500 | |aDigitized edition from print [produced by Statistics Canada]. |
| 500 | |aIssues for 1899-1920 published in series: Sessional paper, no. 20, 20a. |
| 500 | |aImprint varies. |
| 500 | |aPublished in collaboration with: 1919-1935, Department of Railways and Canals; 1936-1952, Department of Transport. |
| 515 | |aIssues for 1872-1888 published as Supplement to the Inland Revenue report; 1889-1892 as Supplement to the Annual report of the Department of Railways and Canals. |
| 520 | |aThis publication contains statistics on vessel movements through the canal systems of Canada. |
| 546 | |aText in English only, 1872-1918, 1942-1970; text in English and French, 1919-1941. |
| 550 | |aIssued 1872-1918 by Department of Railways and Canals; 1919 by Dominion Bureau of Statistics, Transportation Division; 1920-1929 by Transportation Branch; 1930-1941 by Transportation and Public Utilities Branch; 1942-1947 by Transportation and Public Utilities Division; 1948-1949 by Transportation Division; 1950-1952 by Public Finance and Transportation Division; 1953, 1959-1970 by Transportation Section; 1954-1958 by Transportation and Public Utilities Section. |
| 692 | 07|2gccst|aCanals |
| 692 | 07|2gccst|aTransport |
| 692 | 07|2gccst|aFreight |
| 710 | 1 |aCanada. |bDominion Bureau of Statistics. |bTransportation Section. |
| 710 | 1 |aCanada. |bDominion Bureau of Statistics.|bTransportation Branch. |
| 710 | 1 |aCanada.|bDominion Bureau of Statistics.|bTransportation Division. |
| 710 | 1 |aCanada. |bDominion Bureau of Statistics. |bPublic Finance and Transportation Division. |
| 710 | 1 |aCanada. |bDominion Bureau of Statistics. |bTransportation and Public Utilities Section. |
| 710 | 1 |aCanada.|bDepartment of Railways and Canals. |
| 710 | 1 |aCanada.|bDept. of Transport. |
| 710 | 1 |aCanada.|bDominion Bureau of Statistics.|bTransportation and Public Utilities Branch. |
| 792 | |tCanal statistics |efre|w(CaOODSP)9.819047 |